000 00590nam a2200169 i 4500
001 165136
003 ES-MaACL
005 20230906213055.0
008 020923s1897 fr |||| | fre d
040 _aCCPB | B
_bspa
_cCCPB | B
100 1 _aSeillière, Ernest.
_9105268
245 1 0 _aÉtudes sur Ferdinand Lassalle
_b: fondateur du Parti Socialiste Allemand /
_cErnest Seillière.
260 _aParis :
_bLibrairie Plon, Nourrit et C\pie\s,
_c1897.
300 _aXVI, 398 p. ;
_c23 cm.
600 1 4 _aLassalle, Ferdinand-
_xBiografías.
_9128725
852 _aES-MaACL
_jG-5176
_z-- Rust.
999 _c165136
_d165136